000 00311nam a22001457a 4500
008 230615b ||||| |||| 00| 0 eng d
020 _a9781760371982
041 _aeng
080 _a030
082 _a030HEE
100 _a44
101 _aENCI
245 _aAUSTRALIAN MIDWIVES
_cHEELAN.P
942 _2udc
_cBK
999 _c59980
_d59980